000 00772nam a2200217Ii 4500
003 JO-AjNU
008 230605s9999||||xx |||||||||||||| ||und||
017 _a2009/4/1370
040 _aJO-AjNU
_bara
_erda
_cJO-AjNU
041 _aara
050 1 4 _aHD30.2.Y37 2010
100 3 _aياسين، سعد غالب,
_eauthor
_929750
245 0 0 _aالادار الالكترونية
250 _aط العربية
264 3 1 _aعمان: دار اليازوري العلمية للنشر والتوزيع، 2010
300 _a431ص
_bيحتوي على هوامش وببلوغرافية ومصطلحات من ص410-431ص
336 _atext
_btxt
_2rdacontent
337 _aunmediated
_bn
_2rdamedia
338 _avolume
_bnc
_2rdacarrier
650 4 _aالادارة
_929751
999 _aA11709
_c15277
_d15277